000 00172 a2200097 4500
020 _a987654321
041 _aeng
100 _aTao. Nyeu
245 _aWonder bear
942 _cBK
999 _c7519
_d7519